Stolice państw byłego ZSRR - klikanie - Statystyki

Ogólne statystyki
  • Ten quiz został rozwiązany 57 razy
  • Średni wynik to 12 z 15
Statystyki odpowiedzi
Hint Odpowiedź % Poprawnych
Rosja Moskwa
100%
Ukraina Kijów
95%
Łotwa Ryga
95%
Białoruś Mińsk
93%
Estonia Tallin
91%
Mołdawia Kiszyniów
86%
Litwa Wilno
84%
Kazachstan Astana
82%
Gruzja Tbilisi
82%
Azerbejdżan Baku
75%
Armenia Erywań
75%
Uzbekistan Taszkent
61%
Kirgistan Biszkek
55%
Turkmenistan Aszchabad
52%
Tadżykistan Duszanbe
50%
Nie znaleziono quizów pasujących do podanych kryteriów
Rozkład punktacji
Procent ludzi z każdym wynikiem
Percentyl według liczby udzielonych odpowiedzi
Twoja historia wyników
Nie rozwiązałeś tego quizu